Integración regional y relaciones industriales en América del Norte /
Guardado en:
| 主要作者: | |
|---|---|
| Autores Corporativos: | , |
| 其他作者: | , |
| 格式: | 未知 |
| 出版: |
México, D.F:
Juan Pablos
|
| 主題: | |
| 標簽: |
添加標簽
沒有標簽, 成為第一個標記此記錄!
|
MARC
| LEADER | 00000 a2200000 04500 | ||
|---|---|---|---|
| 001 | 29007 | ||
| 003 | |||
| 008 | 991231s d | ||
| 040 | |||
| 020 | |a 970-920-884-4 | ||
| 022 | |a 970-920-884-4 | ||
| 090 | |a 146402 | ||
| 100 | |a Bensusán, Graciela | ||
| 110 | |a FLACSO (México) | ||
| 245 | |a Integración regional y relaciones industriales en América del Norte / |c FLACSO (México) | ||
| 260 | |a México, D.F: |b Juan Pablos | ||
| 300 | |a 360 p | ||
| 650 | |a TRATADO DE LIBRE COMERCIO DE AMERICA DEL NORTE TLCAN | ||
| 650 | |a POLITICA LABORAL | ||
| 650 | |a DERECHO DE HUELGA | ||
| 650 | |a PRODUCTIVIDAD DEL TRABAJO | ||
| 650 | |a COMPETITIVIDAD | ||
| 650 | |a SINDICATOS | ||
| 650 | |a REPRESENCION DE LOS TRABAJADORES | ||
| 700 | |a comp | ||
| 700 | |a Arteaga, Arnulfo | ||
| 700 | |a comp | ||
| 710 | |a Universidad Autónoma Metropolitana. Unidad Iztapalapa. División de Ciencias Sociales y Humanidades. Departamento de Sociología | ||
| 999 | |c 9654 |d 9654 | ||
